000
00352nam a2200145Ia 4500
008
191206s9999 xx 000 0 und d
020
_a
0553380095 (pbk.)
090
_a
PS3551N405
245
4
_a
The Heart of a Woman
250
_a
Bantam trade ed.
260
_a
Bantam Books
260
_c
c1997
300
_a
324 p. ; 21 cm.
999
_c
17069
_d
17069